[Event "Remote email"]
[Site "Remote email"]
[Date "2014.04.08"]
[Round "?"]
[White "Nackas, Hans Juergen"]
[Black "Paulussen, Patricia"]
[Result "1-0"]
[WhiteElo "2053"]
[BlackElo "1647"]
[PlyCount "93"]
[EventDate "2014.??.??"]
[EventType "tourn (corr)"]
[EventRounds "6"]
[EventCountry "GER"]
[SourceTitle "Corr 2015"]
[Source "ChessBase"]
[SourceDate "2015.07.17"]
[SourceVersion "1"]
[SourceVersionDate "2015.07.17"]
[SourceQuality "1"]

1. c4 e5 2. Nc3 Nc6 3. Nf3 Nf6 4. g3 d5 5. cxd5 Nxd5 6. d3 Bf5 7. Nxd5 Qxd5 8. e4 Bb4+ 9. Bd2 Bxe4 10. dxe4 Qxe4+ 11. Qe2 Bxd2+ 12. Kxd2 Qd5+ 13. Qd3 Qxd3+ 14. Bxd3 f6 15. Kc3 0-0-0 16. Rad1 a6 17. Bf5+ Kb8 18. Rxd8+ Rxd8 19. Bxh7 b5 20. Be4 Ne7 21. Nh4 Rd4 22. Nf5 Nxf5 23. Bxf5 b4+ 24. Kc2 c5 25. h4 Kc7 26. h5 Kb6 27. h6 gxh6 28. Rxh6 Rd6 29. Bd3 a5 30. Rh8 Kc6 31. Ra8 Kd5 32. Bf5 Kd4 33. Rxa5 Kc4 34. Ra7 Kd5 35. Kb3 Kd4 36. Rd7 Rxd7 37. Bxd7 Kd5 38. a4 Kd6 39. Be8 Kc7 40. a5 Kb7 41. Bb5 Kb8 42. Kc4 Kb7 43. Kxc5 e4 44. Bc6+ Kc7 45. a6 Kb8 46. Kb6 f5 47. a7+ 1-0

[Event "Remote email"]
[Site "Remote email"]
[Date "2014.04.01"]
[Round "?"]
[White "Steffens, Henrik"]
[Black "Paulussen, Patricia"]
[Result "0-1"]
[WhiteElo "1675"]
[BlackElo "1647"]
[PlyCount "74"]
[EventDate "2014.??.??"]
[EventType "tourn (corr)"]
[EventRounds "6"]
[EventCountry "GER"]
[SourceTitle "Corr 2015"]
[Source "ChessBase"]
[SourceDate "2015.07.17"]
[SourceVersion "1"]
[SourceVersionDate "2015.07.17"]
[SourceQuality "1"]

1. d4 e6 2. Nc3 Nf6 3. Bf4 Bb4 4. Qd3 Nd5 5. e4 Nxf4 6. Qc4 Nc6 7. 0-0-0 d5 8. exd5 Nxd5 9. Nf3 a6 10. Ne5 Nxe5 11. dxe5 Qg5+ 12. f4 Nxf4 13. Ne4 Qe7 14. a3 Ba5 15. Qa4+ b5 16. Qxa5 0-0 17. Bxb5 Bb7 18. Bd3 Nxd3+ 19. cxd3 Bxe4 20. dxe4 Rab8 21. Rd3 Qg5+ 22. Rd2 Rb5 23. Qxc7 Rxb2 24. Rhd1 Rxd2 25. Rxd2 h5 26. g3 h4 27. gxh4 Qxh4 28. Qb6 Qe1+ 29. Rd1 Rc8+ 30. Kb2 Qxd1 31. Qb7 Qc2+ 32. Ka1 Qc1+ 33. Ka2 Rc2+ 34. Kb3 Qb1+ 35. Ka4 Qxb7 36. h4 Qxe4+ 37. Kb3 Qc4# 0-1

[Event "Remote S5E No Engine email"]
[Site "Remote email"]
[Date "2014.03.30"]
[Round "?"]
[White "Tortoza, Carlos Alberto"]
[Black "Paulussen, Patricia"]
[Result "0-1"]
[WhiteElo "1560"]
[BlackElo "1647"]
[PlyCount "54"]
[EventDate "2014.??.??"]
[EventType "tourn (corr)"]
[EventRounds "6"]
[EventCountry "GER"]
[SourceTitle "Corr 2015"]
[Source "ChessBase"]
[SourceDate "2015.07.17"]
[SourceVersion "1"]
[SourceVersionDate "2015.07.17"]
[SourceQuality "1"]

1. c4 c5 2. Nc3 e6 3. e4 Bd6 4. Nf3 a6 5. d3 Nc6 6. d4 cxd4 7. Nxd4 Bb4 8. Nxc6 dxc6 9. Bd2 e5 10. Qc2 h6 11. 0-0-0 Bc5 12. Bxh6 Qe7 13. Bxg7 Rh7 14. Bxe5 Qxe5 15. h3 Bg4 16. f3 Be6 17. Be2 Qg5+ 18. Kb1 Qxg2 19. Rdg1 Bxg1 20. b3 Qxh1 21. Kb2 Bd4 22. Ka3 Qe1 23. Kb2 Bxc3+ 24. Ka3 Rxh3 25. Ka4 b5+ 26. Ka3 Rh2 27. cxb5 axb5# 0-1

[Event "Remote email"]
[Site "Remote email"]
[Date "2014.03.11"]
[Round "?"]
[White "Fischer, Bernd"]
[Black "Paulussen, Patricia"]
[Result "0-1"]
[WhiteElo "1802"]
[BlackElo "1624"]
[PlyCount "34"]
[EventDate "2014.??.??"]
[EventType "tourn (corr)"]
[EventRounds "6"]
[EventCountry "GER"]
[SourceTitle "Corr 2015"]
[Source "ChessBase"]
[SourceDate "2015.07.17"]
[SourceVersion "1"]
[SourceVersionDate "2015.07.17"]
[SourceQuality "1"]

1. d4 d5 2. Nf3 Nc6 3. c4 Nf6 4. Nc3 e6 5. a3 dxc4 6. e4 Na5 7. Bg5 h6 8. Bh4 a6 9. e5 g5 10. Nxg5 hxg5 11. Bxg5 Be7 12. exf6 Bxf6 13. Bxf6 Qxf6 14. Qa4+ Nc6 15. Qxc4 Nxd4 16. Ne4 Qe5 17. Be2 Qxe4 0-1

[Event "Remote S5E No Engine email"]
[Site "Remote email"]
[Date "2014.01.15"]
[Round "?"]
[White "Paulussen, Patricia"]
[Black "Pieleck, Rudolf"]
[Result "1-0"]
[WhiteElo "1624"]
[BlackElo "1573"]
[PlyCount "35"]
[EventDate "2014.??.??"]
[EventType "tourn (corr)"]
[EventRounds "6"]
[EventCountry "GER"]
[SourceTitle "Corr 2015"]
[Source "ChessBase"]
[SourceDate "2015.07.17"]
[SourceVersion "1"]
[SourceVersionDate "2015.07.17"]
[SourceQuality "1"]

1. Nf3 d5 2. e3 e6 3. d4 Nf6 4. Bd3 Nc6 5. c3 Bd6 6. h3 0-0 7. b4 Bd7 8. Ba3 Ne7 9. Nbd2 Qe8 10. Ne5 Bxe5 11. dxe5 Ne4 12. Nxe4 dxe4 13. Bxe4 Bc6 14. Qd3 Bxe4 15. Qxe4 f5 16. Qxb7 Qc6 17. Qxc6 Nd5 18. Qxe6+ 1-0

[Event "Remote S5E No Engine email"]
[Site "Remote email"]
[Date "2014.01.15"]
[Round "?"]
[White "Paulussen, Patricia"]
[Black "Tortoza, Carlos Alberto"]
[Result "0-1"]
[WhiteElo "1624"]
[BlackElo "1633"]
[PlyCount "74"]
[EventDate "2014.??.??"]
[EventType "tourn (corr)"]
[EventRounds "6"]
[EventCountry "GER"]
[SourceTitle "Corr 2015"]
[Source "ChessBase"]
[SourceDate "2015.07.17"]
[SourceVersion "1"]
[SourceVersionDate "2015.07.17"]
[SourceQuality "1"]

1. e4 c5 2. d4 cxd4 3. Qxd4 Nc6 4. Qc3 e5 5. Nf3 Bb4 6. Bd2 Bxc3 7. Bxc3 Nf6 8. Nxe5 Nxe5 9. Bxe5 0-0 10. Bd3 d6 11. Bd4 Re8 12. h3 Qa5+ 13. Bc3 Qg5 14. 0-0 Bxh3 15. g3 Qg4 16. Nd2 d5 17. Rfe1 dxe4 18. Be2 Qf5 19. Nc4 Ng4 20. Bxg4 Qxg4 21. Re3 Qh5 22. Rae1 f5 23. Ne5 Bg4 24. Nxg4 Qxg4 25. R3e2 Qg6 26. Bd2 Qg4 27. c3 Rf8 28. Bf4 g5 29. Be5 Rae8 30. Bd6 Rf6 31. f3 exf3 32. Rxe8+ Kg7 33. Rf1 Rxd6 34. Kf2 Rd2+ 35. Ke3 Rxb2 36. Rxf3 Kf7 37. Rd8 Qe4# 0-1

[Event "Remote S7E Easy-172 email"]
[Site "Remote email"]
[Date "2013.09.26"]
[Round "?"]
[White "Paulussen, Patricia"]
[Black "Klebe, Dieter"]
[Result "0-1"]
[WhiteElo "1568"]
[BlackElo "1608"]
[PlyCount "54"]
[EventDate "2013.??.??"]
[EventType "tourn (corr)"]
[EventRounds "6"]
[EventCountry "GER"]
[SourceTitle "Corr 2015"]
[Source "ChessBase"]
[SourceDate "2015.07.17"]
[SourceVersion "1"]
[SourceVersionDate "2015.07.17"]
[SourceQuality "1"]

1. e4 e6 2. c3 Nf6 3. f3 Bc5 4. Nh3 0-0 5. d4 Be7 6. Bf4 Bd6 7. Qd2 Bxf4 8. Nxf4 d5 9. e5 Nfd7 10. g3 Nb6 11. b3 N6d7 12. c4 Nb6 13. c5 N6d7 14. h4 b6 15. b4 bxc5 16. bxc5 Ba6 17. c6 Nb6 18. Nc3 Bxf1 19. Rxf1 Nc4 20. Qc1 Nxc6 21. Rb1 Nxd4 22. Rf2 Nxe5 23. Qd2 Nexf3+ 24. Rxf3 Nxf3+ 25. Kd1 Nxd2 26. Kxd2 e5 27. Nfxd5 c6 0-1

[Event "Remote S7E Easy-168 email"]
[Site "Remote email"]
[Date "2013.06.12"]
[Round "?"]
[White "Paulussen, Patricia"]
[Black "Witt, Monika"]
[Result "1-0"]
[WhiteElo "1582"]
[BlackElo "1524"]
[PlyCount "109"]
[EventDate "2013.??.??"]
[EventType "tourn (corr)"]
[EventRounds "6"]
[EventCountry "GER"]
[SourceTitle "Corr 2015"]
[Source "ChessBase"]
[SourceDate "2015.07.17"]
[SourceVersion "1"]
[SourceVersionDate "2015.07.17"]
[SourceQuality "1"]

1. e4 e5 2. c3 a6 3. Nf3 d6 4. Bc4 Bg4 5. 0-0 Bxf3 6. Qxf3 Qf6 7. Qe3 b5 8. Bd5 c6 9. Bb3 Nd7 10. d4 d5 11. exd5 Rc8 12. Re1 Ne7 13. Qe4 c5 14. Nd2 Qf5 15. d6 Qxe4 16. Nxe4 Nf5 17. Ng5 Bxd6 18. Bxf7+ Kf8 19. dxe5 Be7 20. e6 Nf6 21. Ne4 Ng4 22. Bg5 h6 23. Bxe7+ Kxe7 24. h3 Ne5 25. Rad1 Nxf7 26. exf7 Kxf7 27. Nd6+ Nxd6 28. Rxd6 a5 29. Rd7+ Kf6 30. Red1 Rce8 31. R1d6+ Kg5 32. Rxg7+ Kf4 33. Kf1 h5 34. Rd5 Rhf8 35. g3+ Ke4 36. Rxh5 Kd3 37. Rxc5 Kc2 38. Rxb5 a4 39. Rb4 Re5 40. Rd7 Rfe8 41. Kg2 a3 42. bxa3 Rf8 43. Rf4 Rb8 44. c4 Re2 45. h4 Rb2 46. h5 Rxa2 47. c5 Kc3 48. c6 Rxa3 49. Rf8 Re6 50. c7 Rc6 51. c8Q Rxc8 52. Rxc8+ Kb2 53. Rb7+ Ka2 54. h6 Rxg3+ 55. Kxg3 1-0

[Event "Remote S7E Easy-168 email"]
[Site "Remote email"]
[Date "2013.06.12"]
[Round "?"]
[White "Tortoza, Carlos Alberto"]
[Black "Paulussen, Patricia"]
[Result "1-0"]
[WhiteElo "1653"]
[BlackElo "1582"]
[PlyCount "59"]
[EventDate "2013.??.??"]
[EventType "tourn (corr)"]
[EventRounds "6"]
[EventCountry "GER"]
[SourceTitle "Corr 2015"]
[Source "ChessBase"]
[SourceDate "2015.07.17"]
[SourceVersion "1"]
[SourceVersionDate "2015.07.17"]
[SourceQuality "1"]

1. e4 e5 2. Nf3 Nc6 3. Bc4 Nf6 4. d3 Bc5 5. 0-0 Nd4 6. Nxe5 Bd6 7. Nxf7 Qe7 8. Nxh8 Be5 9. f4 Qc5 10. Kh1 b5 11. Bf7+ Kf8 12. c3 Nc6 13. Bb3 Na5 14. d4 Qc6 15. fxe5 Nxb3 16. Qxb3 Qc4 17. Qd1 d5 18. exf6 Kg8 19. f7+ Kf8 20. e5 Be6 21. Qf3 c6 22. Nd2 Qa4 23. b3 Qa5 24. b4 Qd8 25. Qh5 h6 26. Nb3 Ke7 27. f8Q+ Qxf8 28. Ng6+ Kd7 29. Nc5+ Ke8 30. Rxf8# 1-0

[Event "Remote S7E Easy-168 email"]
[Site "Remote email"]
[Date "2013.03.02"]
[Round "?"]
[White "Paulussen, Patricia"]
[Black "Biskopp, Wolf Ulrich"]
[Result "0-1"]
[WhiteElo "1579"]
[BlackElo "2256"]
[PlyCount "52"]
[EventDate "2013.??.??"]
[EventType "tourn (corr)"]
[EventRounds "6"]
[EventCountry "GER"]
[SourceTitle "Corr 2015"]
[Source "ChessBase"]
[SourceDate "2015.07.17"]
[SourceVersion "1"]
[SourceVersionDate "2015.07.17"]
[SourceQuality "1"]

1. e4 c5 2. d3 Nc6 3. c3 Nf6 4. h3 d5 5. Bg5 dxe4 6. Bxf6 exf6 7. dxe4 Bd6 8. Bb5 f5 9. Bxc6+ bxc6 10. Nf3 fxe4 11. Nfd2 0-0 12. Nxe4 Re8 13. Qf3 f5 14. Nbd2 fxe4 15. Nxe4 Qh4 16. 0-0-0 Bf4+ 17. Kc2 Bf5 18. Rde1 Bg6 19. g3 Rxe4 20. gxh4 Re3+ 21. Kb3 Rxf3 22. Re2 Bd3 23. Re6 Rb8+ 24. Ka3 Rxf2 25. b4 Bc4 26. Re4 Rxa2# 0-1

[Event "Remote S7E Easy-163 email"]
[Site "Remote email"]
[Date "2013.03.02"]
[Round "?"]
[White "Paulussen, Patricia"]
[Black "Tortoza, Carlos Alberto"]
[Result "0-1"]
[WhiteElo "1578"]
[BlackElo "1464"]
[PlyCount "112"]
[EventDate "2013.??.??"]
[EventType "tourn (corr)"]
[EventRounds "6"]
[EventCountry "GER"]
[SourceTitle "Corr 2015"]
[Source "ChessBase"]
[SourceDate "2015.07.17"]
[SourceVersion "1"]
[SourceVersionDate "2015.07.17"]
[SourceQuality "1"]

1. e4 c5 2. Bc4 e6 3. h3 a6 4. Nf3 d6 5. 0-0 Be7 6. Re1 b5 7. Be2 Nc6 8. d4 cxd4 9. Nxd4 Bd7 10. Qd2 Nf6 11. Bf3 Nxd4 12. Qxd4 0-0 13. e5 dxe5 14. Qxe5 Rc8 15. Re2 Bc6 16. Nc3 Bxf3 17. gxf3 Bd6 18. Qe3 Bc5 19. Qd2 b4 20. Ne4 Nxe4 21. fxe4 Qf6 22. Qe1 Qf3 23. Be3 Qxh3 24. f4 Qg4+ 25. Rg2 Bxe3+ 26. Qxe3 Qh5 27. Rg5 Qh6 28. Rd1 Rxc2 29. Rg2 Rxg2+ 30. Kxg2 Qg6+ 31. Kf1 Qg4 32. Qd2 h6 33. b3 a5 34. a4 Qf3+ 35. Ke1 Qxe4+ 36. Kf2 e5 37. fxe5 Qf5+ 38. Ke1 Qxe5+ 39. Kf1 f5 40. Re1 Qf6 41. Qd5+ Kh7 42. Qxa5 Qc3 43. Qd5 Qh3+ 44. Ke2 Re8+ 45. Kd1 Rxe1+ 46. Kxe1 Qg3+ 47. Kf1 Qf4+ 48. Kg2 Qg4+ 49. Kf1 Qh3+ 50. Kf2 f4 51. Qe4+ Kh8 52. Qe8+ Kh7 53. Qe4+ g6 54. Qxf4 Qxb3 55. Qf7+ Qxf7+ 56. Kg3 Qf5 0-1

[Event "Remote S7E Easy-163 email"]
[Site "Remote email"]
[Date "2013.03.02"]
[Round "?"]
[White "Wiedmann, Jochen"]
[Black "Paulussen, Patricia"]
[Result "1-0"]
[WhiteElo "1990"]
[BlackElo "1578"]
[PlyCount "59"]
[EventDate "2013.??.??"]
[EventType "tourn (corr)"]
[EventRounds "6"]
[EventCountry "GER"]
[SourceTitle "Corr 2015"]
[Source "ChessBase"]
[SourceDate "2015.07.17"]
[SourceVersion "1"]
[SourceVersionDate "2015.07.17"]
[SourceQuality "1"]

1. d4 d5 2. Nf3 Nc6 3. Bf4 f6 4. e3 a6 5. a3 Bf5 6. h3 Be4 7. Nbd2 Bxf3 8. Qxf3 e5 9. dxe5 fxe5 10. Bg3 Nf6 11. 0-0-0 Qd7 12. e4 Nd4 13. Qd3 Bd6 14. exd5 0-0-0 15. Nc4 Qb5 16. Qxd4 exd4 17. Nxd6+ Rxd6 18. Bxb5 Rxd5 19. Bc4 Rd7 20. Be6 Rhd8 21. Rxd4 c5 22. Rd2 b5 23. Rhd1 b4 24. axb4 Ne4 25. Rxd7 Rxd7 26. Rxd7 Nxg3 27. Rxg7+ Kd8 28. Rxg3 cxb4 29. Rg7 h6 30. Ra7 1-0

[Event "Remote S5E No Engine email"]
[Site "Remote email"]
[Date "2012.12.14"]
[Round "?"]
[White "Paulussen, Patricia"]
[Black "Witt, Monika"]
[Result "0-1"]
[WhiteElo "1579"]
[BlackElo "1495"]
[PlyCount "88"]
[EventDate "2012.??.??"]
[EventType "tourn (corr)"]
[EventRounds "6"]
[EventCountry "GER"]
[SourceTitle "Corr 2015"]
[Source "ChessBase"]
[SourceDate "2015.07.17"]
[SourceVersion "1"]
[SourceVersionDate "2015.07.17"]
[SourceQuality "1"]

1. e4 e5 2. Nf3 Nc6 3. d4 d6 4. dxe5 Bg4 5. Bg5 f6 6. Be3 Nxe5 7. Be2 Nxf3+ 8. Bxf3 Bxf3 9. Qxf3 Qe7 10. Nc3 0-0-0 11. Bxa7 Qd7 12. 0-0 Ne7 13. Rfd1 Nc6 14. Nb5 Nxa7 15. Nxa7+ Kb8 16. Qe3 b6 17. Qa3 Kb7 18. c4 Ra8 19. Qh3 Qxh3 20. gxh3 Kxa7 21. Rd3 c5 22. a4 Re8 23. f3 Re5 24. a5 Rg5+ 25. Kf2 Be7 26. axb6+ Kxb6 27. Rb3+ Kc7 28. Ra7+ Kc6 29. Rba3 Bd8 30. Rb3 Bc7 31. Rbb7 Rc8 32. Rb3 Kd7 33. f4 Rh5 34. Rg3 g5 35. Kf3 Rb8 36. Ra2 g4+ 37. Kxg4 Rh6 38. f5 d5 39. Rf3 dxe4 40. Rf2 Rb3 41. Ra7 Rbxh3 42. Rd2+ Kc8 43. Ra8+ Bb8 44. Rg2 R6h4# 0-1